მოამბე II (2) = Известия / (ბიბ.ჩანაწერი № 52620)
[ მარტივი ფორმატი ]
| 000 -ლიდერი | |
|---|---|
| ფიქსირებული სიგრძის საკონტროლო ველი | 00888nam a2200229Ia 4500 |
| 001 - საკონტროლო ნომერი | |
| საკონტროლო ველი | 19644 |
| 003 - საკონტროლო ნომრის იდენტიფიკატორი | |
| საკონტროლო ველი | GE_BSU |
| 005 - ბოლო ოპერაციის თარიღი და დრო | |
| საკონტროლო ველი | 20200313164016.0 |
| 008 - ფიქსირებული სიგრძის მონაცემთა ელემენტები - ზოგადი ინფორმაცია | |
| ფიქსირებული სიგრძის საკონტროლო ველი | 181216s1938||||ge |||||||||||||| ||geo|| |
| 040 ## - კატალოგიზაციის წყარო | |
| Transcribing agency | GE_BSU |
| 041 ## - ენის კოდი | |
| Language code of text/sound track or separate title | geo |
| 080 ## - უნივერსალური ათობითი კლასიფიკაციის ინდექსი | |
| Universal Decimal Classification number | 811.353.1(058) მ-80 |
| 245 ## - ცნობა სათაურის შესახებ | |
| Title | მოამბე II (2) = Известия / |
| Statement of responsibility, etc | რედ. სიმონ ჯანაშია. |
| 264 ## - წარმოების, გამოცემის, დისტრიბუციის და სხვა ცნობები | |
| გამოცემის, წარმოების, დისტრიბუციის... ადგილი | ტფილისი : |
| გამოცემის, წარმოების, დისტრიბუციის... სახელწოდება | სსრკ მეცნ. აკად. საქ. ფილიალის გამ-ბა, |
| გამოცემის, წარმოების, დისტრიბუციის... თარიღი | 1938. |
| 300 ## - ფიზიკური აღწერა | |
| Extent | 271გვ. ; |
| Dimensions | 24 სმ. |
| 653 ## - INDEX TERM--UNCONTROLLED | |
| Uncontrolled term | ენათმეცნიერება |
| 653 ## - INDEX TERM--UNCONTROLLED | |
| Uncontrolled term | მოამბე II (2) |
| 700 ## - ADDED ENTRY--PERSONAL NAME | |
| Personal name | ჯანაშია, სიმონ |
| Relator term | რედაქტორი |
| 9 (RLIN) | 7716 |
| 710 ## - ADDED ENTRY--CORPORATE NAME | |
| Corporate name or jurisdiction name as entry element | სსრკ მეცნ. აკად. საქ. ფილიალი |
| 9 (RLIN) | 7717 |
| 942 ## - ADDED ENTRY ELEMENTS (KOHA) | |
| Koha item type | წიგნი |
| Source of classification or shelving scheme | |
| ჩამოწერის სტატუსი | დაკარგული ეგზემპლარის სტატუსი | კლასიფიკაციის წყარო ან თაროზე გაწყობის სქემა | დაზიანების სტატუსი | არ გაიცემა | მუდმივი მდებარეობა (დაცვის ადგილი) | ამჟამინდელი ადგილსამყოფელი | თაროზე განთავსების ადგილი | შეძენის თარიღი | ღირებულება, შესყიდვის ნორმალური ფასი | სრული შენახვის შიფრი | შტრიხკოდი | ბოლო ოპერაციის თარიღი | ეგზემპლარის მიმდევრობითი ნომერი (კეტერი?) | ფასის ძალაში შესვლის თარიღი | ეგზემპლარის სახეობა | საჯარო შენიშვნა |
|---|---|---|---|---|---|---|---|---|---|---|---|---|---|---|---|---|
| ბათუმის შოთა რუსთაველის სახელმწიფო უნივერსიტეტის მთავარი ბიბლიოთეკა | ბათუმის შოთა რუსთაველის სახელმწიფო უნივერსიტეტის მთავარი ბიბლიოთეკა | წიგნსაცავი | 2018-12-17 | 0.60 | 811.353.1(058) მ-80 | 51774 | 2018-12-17 | 51774 | 2018-12-17 | წიგნი | 0.60 ლ. | |||||
| ბათუმის შოთა რუსთაველის სახელმწიფო უნივერსიტეტის მთავარი ბიბლიოთეკა | ბათუმის შოთა რუსთაველის სახელმწიფო უნივერსიტეტის მთავარი ბიბლიოთეკა | წიგნსაცავი | 2018-12-17 | 0.60 | 811.353.1(058) მ-80 | 51775 | 2018-12-17 | 51775 | 2018-12-17 | წიგნი | 0.60 ლ. | |||||
| ბათუმის შოთა რუსთაველის სახელმწიფო უნივერსიტეტის მთავარი ბიბლიოთეკა | ბათუმის შოთა რუსთაველის სახელმწიფო უნივერსიტეტის მთავარი ბიბლიოთეკა | წიგნსაცავი | 2018-12-17 | 0.60 | 811.353.1(058) მ-80 | 52988 | 2018-12-17 | 52988 | 2018-12-17 | წიგნი | 0.60 ლ. | |||||
| ბათუმის შოთა რუსთაველის სახელმწიფო უნივერსიტეტის მთავარი ბიბლიოთეკა | ბათუმის შოთა რუსთაველის სახელმწიფო უნივერსიტეტის მთავარი ბიბლიოთეკა | წიგნსაცავი | 2018-12-17 | 0.60 | 811.353.1(058) მ-80 | 52989 | 2018-12-17 | 52989 | 2018-12-17 | წიგნი | 0.60 ლ. | |||||
| ბათუმის შოთა რუსთაველის სახელმწიფო უნივერსიტეტის მთავარი ბიბლიოთეკა | ბათუმის შოთა რუსთაველის სახელმწიფო უნივერსიტეტის მთავარი ბიბლიოთეკა | წიგნსაცავი | 2018-12-17 | 0.60 | 811.353.1(058) მ-80 | 52990 | 2018-12-17 | 52990 | 2018-12-17 | წიგნი | 0.60 ლ. |
